000 00311 a2200109 4500
001 ART_7173
005 20260410161623.0
008 260409a
245 1 0 _aLa reforma concursal sobre cooperativas de trabajo
100 1 _aGebhardt, Jorge
773 0 _tEnfoques
_g- NÂș 7 (jul. 2011)
_wREV416
999 _c11700
_d11700